| 000 | 00887nam a22001815i 4500 | ||
|---|---|---|---|
| 001 | 154991 | ||
| 003 | ES-MaACL | ||
| 005 | 20251115063310.0 | ||
| 008 | 991022s1866 sp |||| | spa d | ||
| 040 |
_aCCPB | B _bspa _cCCPB | B |
||
| 100 | 1 |
_aGutiérrez de Alba, José María, _d1822-1897 _9127661 |
|
| 245 | 1 | 3 |
_aLa estrella de Belén _b: fantasía bíblica en tres actos y seis cuadros, en verso / _coriginal de José Maria Gutiérrez de Alba. |
| 260 |
_aMadrid : _b[s.n.], _c1866 ( _fImprenta de José Rodríguez) |
||
| 300 |
_a55 p. ; _c21 cm. |
||
| 500 | 1 | _aRepresentada por primera vez en Madrid en el teatro de la Zarzuela en 24 de Diciembre de 1866. | |
| 852 |
_aES-MaACL _jF-8551(7) _z-- Enc. pasta española _q-- Falto de la cub. original _z-- Enc. en un vol. facticio, formando parte de la col. facticia "Teatro español moderno", v. 3 |
||
| 999 |
_c154991 _d154991 |
||